00623nam a2200181Ia 450000500170000000800460001703700120006304000200007504100130009508400220010824500360013026000750016630000100024165000420025194200220029399900210031595201050033620250508161511.0008 250505s9999 xx 000 0 eng d aTextual aFEDLbengcFEDL aeng2eng a371.26, ALLqFEDL 0aEvaluation in secondary schools aNew Delhi, India bThe All India Council for Secondary Educationc1958 a237p. aEvaluation - Secondary school9764342 cTEXLh371.26, ALL c1370354d1370354 00104070aFEDLbFEDLd2025-05-08l0o371.26, ALLpEL0057774r2025-05-08 16:15:11w2025-05-08yTEXL